Девятая статья Конституции Японии; Актуальные проблемы гуманитарных наук

Bibliografische gegevens
Parent link:Актуальные проблемы гуманитарных наук.— 2010.— С. 373-374
Hoofdauteur: Окуневская А. И.
Taal:Russisch
Gepubliceerd in: 2010
Onderwerpen:
Formaat: Hoofdstuk
KOHA link:https://koha.lib.tpu.ru/cgi-bin/koha/opac-detail.pl?biblionumber=193779

MARC

LEADER 00000naa2a2200000 4500
001 193779
005 20231031182035.0
035 |a (RuTPU)RU\TPU\book\211327 
090 |a 193779 
100 |a 20110328d2010 k y0rusy50 ca 
101 0 |a rus 
102 |a RU 
200 1 |a Девятая статья Конституции Японии  |f А. И. Окуневская 
320 |a Библиогр.: 8 назв. 
463 0 |0 (RuTPU)RU\TPU\book\205127  |y 978-5-98298-643-6  |t Актуальные проблемы гуманитарных наук  |o сборник трудов IX Международной научно-практической конференции студентов, аспирантов и молодых ученых, 22-23 апреля 2010 г., Томск  |f Национальный исследовательский Томский политехнический университет (ТПУ)  |v С. 373-374  |d 2010  |p 564 с. 
610 1 |a Япония 
610 1 |a конституции 
610 1 |a статьи 
610 1 |a вооруженные силы 
610 1 |a Силы Самообороны 
610 1 |a пацифизм 
610 1 |a общественное мнение 
610 1 |a опросы 
610 1 |a труды учёных ТПУ 
700 1 |a Окуневская  |b А. И. 
801 1 |a RU  |b 63413507  |c 20110328 
942 |c BK